[Event "7. Torneo de Promoción de Almansa 2012"]
[Site "Almansa ESP"]
[Date "2012.08.09"]
[Round "4.1"]
[White "Montoliu Cervero, Francisco"]
[Black "Montalban Galvez, Antoni"]
[Result "1/2-1/2"]
[WhiteElo "2270"]
[BlackElo "2204"]
[PlyCount "65"]
[EventDate "2012.08.07"]
[EventType "swiss"]
[EventRounds "9"]
[EventCountry "ESP"]
[Source "lmi"]
[SourceDate "2012.08.07"]

1. e4 c5 2. Nf3 Nc6 3. d4 cxd4 4. Nxd4 e6 5. Nc3 Qc7 6. Be3 Nf6 7. Qd2 a6 8.
O-O-O Bb4 9. f3 Ne5 10. Nb3 O-O 11. Bd4 b5 12. Kb1 Nc4 13. Bxc4 bxc4 14. Nc1 e5
15. Bf2 Rb8 16. Ka1 Qa5 17. N1e2 d6 18. Bh4 Be6 19. Bxf6 gxf6 20. f4 Bg4 21.
Qd5 Rb5 22. Nxb5 axb5 23. Nc1 Ra8 24. f5 Bxd1 25. Rxd1 c3 26. Kb1 cxb2 27. Ne2
Rc8 28. Ng3 Qa4 29. Qd3 Ra8 30. Qd5 Rc8 31. Qd3 Ra8 32. Qd5 Rc8 33. Qd3 1/2-1/2

[Event "7. Torneo de Promoción de Almansa 2012"]
[Site "Almansa ESP"]
[Date "2012.08.09"]
[Round "4.2"]
[White "Pena Riasco, Alexander"]
[Black "Jimenez Martinez, Jose Vicente"]
[Result "0-1"]
[WhiteElo "2237"]
[BlackElo "2285"]
[PlyCount "110"]
[EventDate "2012.08.07"]
[EventType "swiss"]
[EventRounds "9"]
[EventCountry "ESP"]
[Source "lmi"]
[SourceDate "2012.08.07"]

1. e4 d6 2. d4 g6 3. Nc3 Bg7 4. Be3 a6 5. Qd2 Nd7 6. Nge2 Ngf6 7. f3 O-O 8. g4
c5 9. g5 Nh5 10. Ng3 cxd4 11. Bxd4 Bxd4 12. Qxd4 Nf4 13. Qd2 Ne6 14. O-O-O Qa5
15. f4 b5 16. Kb1 Bb7 17. h4 Rfc8 18. h5 Rxc3 19. bxc3 Ndc5 20. hxg6 fxg6 21.
Bh3 Nf8 22. Rhe1 Qa3 23. Qc1 Qxc3 24. Re3 Qc4 25. Qb2 Bc8 26. Bxc8 Rxc8 27. Qd4
Qxd4 28. Rxd4 Nfe6 29. Rd2 Nxf4 30. e5 d5 31. Ne2 Nxe2 32. Rdxe2 Rf8 33. Kb2
Rf5 34. Kc3 Ne6 35. Kb4 Rxg5 36. Ka5 Rg4 37. Ra3 Nc5 38. Rc3 Ra4+ 39. Kb6 Ne4
40. Rc8+ Kf7 41. Rh8 h5 42. Rg2 g5 43. Rxh5 Kg6 44. Rgh2 Kf5 45. Rh7 e6 46. Re7
Kxe5 47. Rh6 Rxa2 48. Rexe6+ Kd4 49. Reg6 b4 50. Rh3 Rxc2 51. Kxa6 b3 52. Ka5
Ra2+ 53. Kb4 b2 54. Rb3 Nd2 55. Rxg5 Nxb3 0-1

[Event "7. Torneo de Promoción de Almansa 2012"]
[Site "Almansa ESP"]
[Date "2012.08.09"]
[Round "4.3"]
[White "Diaz Velandia, Jose Manuel"]
[Black "Nicolas Zapata, Javier"]
[Result "1-0"]
[WhiteElo "2251"]
[BlackElo "2043"]
[PlyCount "74"]
[EventDate "2012.08.07"]
[EventType "swiss"]
[EventRounds "9"]
[EventCountry "ESP"]
[Source "lmi"]
[SourceDate "2012.08.07"]

1. e4 c5 2. Nf3 d6 3. d4 cxd4 4. Nxd4 Nf6 5. Nc3 g6 6. Bg5 Bg7 7. Bb5+ Nbd7 8.
Qe2 O-O 9. O-O-O a6 10. Bxd7 Bxd7 11. f4 Bg4 12. Nf3 Qa5 13. h3 Be6 14. e5 dxe5
15. fxe5 Nd5 16. Nxd5 Bxd5 17. Qd2 Qxd2+ 18. Kxd2 Bxf3 19. gxf3 Bxe5 20. Bxe7
Bf4+ 21. Kc3 Rfc8+ 22. Kb3 a5 23. c3 b5 24. Rd7 Rc7 25. Rhd1 Raa7 26. Rxc7 Rxc7
27. Bf6 Rc8 28. Rd8+ Rxd8 29. Bxd8 a4+ 30. Kb4 Bc1 31. Kxb5 Bxb2 32. c4 f5 33.
Kxa4 Kf7 34. Kb5 Ke6 35. a4 h6 36. Kc6 g5 37. a5 g4 1-0

[Event "7. Torneo de Promoción de Almansa 2012"]
[Site "Almansa ESP"]
[Date "2012.08.09"]
[Round "4.4"]
[White "Sacristan Latorre, Alberto"]
[Black "Martin Duque, Jesus"]
[Result "0-1"]
[WhiteElo "2011"]
[BlackElo "2245"]
[PlyCount "38"]
[EventDate "2012.08.07"]
[EventType "swiss"]
[EventRounds "9"]
[EventCountry "ESP"]
[Source "lmi"]
[SourceDate "2012.08.07"]

1. e4 e6 2. d4 d5 3. Nd2 Be7 4. Bd3 c5 5. dxc5 Nf6 6. Qe2 a5 7. Ngf3 Na6 8. e5
Nd7 9. c3 Naxc5 10. Bb5 O-O 11. O-O f6 12. Nb3 Ne4 13. Bxd7 Bxd7 14. c4 dxc4
15. Qxc4 f5 16. Nbd4 Rc8 17. Qe2 Qb6 18. Be3 Bc5 19. Nc2 Bb5 0-1

[Event "7. Torneo de Promoción de Almansa 2012"]
[Site "Almansa ESP"]
[Date "2012.08.09"]
[Round "4.5"]
[White "Romero Berruezo, Francisco"]
[Black "Fernandez Barrera, Victor"]
[Result "0-1"]
[WhiteElo "2154"]
[BlackElo "2316"]
[PlyCount "109"]
[EventDate "2012.08.07"]
[EventType "swiss"]
[EventRounds "9"]
[EventCountry "ESP"]
[Source "lmi"]
[SourceDate "2012.08.07"]

1. Nf3 g6 2. c4 Bg7 3. e4 c5 4. d4 cxd4 5. Nxd4 Nc6 6. Be3 Nf6 7. Nc3 Ng4 8.
Qxg4 Nxd4 9. Qd1 Ne6 10. Rc1 Qa5 11. Qd2 b6 12. Be2 Bb7 13. f3 h5 14. b3 g5 15.
Nd5 Qxd2+ 16. Kxd2 h4 17. g3 Be5 18. Rcf1 Bd6 19. f4 gxf4 20. gxf4 f6 21. Rhg1
Nc7 22. Rg7 Nxd5 23. exd5 O-O-O 24. Kc3 e6 25. dxe6 dxe6 26. Rd1 e5 27. Bg4+
Kb8 28. Bd7 Bc7 29. fxe5 Bxe5+ 30. Bd4 Bxh2 31. Bxf6 Rdf8 32. Bd4 Bc7 33. Rd3
Rhg8 34. Rxg8 Rxg8 35. Be6 Rg3 36. c5 b5 37. Rxg3 hxg3 38. Kb4 Bc6 39. Kc3 a5
40. a3 g2 41. Bg1 Be5+ 42. Kd3 Kb7 43. Bf5 Bd5 44. Bd7 Bc6 45. Bf5 Kc7 46. Be6
Kd8 47. Bf5 Bd5 48. Kc2 Kc7 49. a4 Kc6 50. axb5+ Kxb5 51. Bd3+ Kb4 52. Kb1 Kxb3
53. Bc2+ Kc3 54. Ba4 Bd4 55. Bh2 0-1

[Event "7. Torneo de Promoción de Almansa 2012"]
[Site "Almansa ESP"]
[Date "2012.08.09"]
[Round "4.6"]
[White "Kovacevic, Slobodan"]
[Black "Ferrer Sanchez, Pedro Jesus"]
[Result "1/2-1/2"]
[WhiteElo "2300"]
[BlackElo "2145"]
[PlyCount "63"]
[EventDate "2012.08.07"]
[EventType "swiss"]
[EventRounds "9"]
[EventCountry "ESP"]
[Source "lmi"]
[SourceDate "2012.08.07"]

1. d4 Nf6 2. Nf3 g6 3. Bg5 Bg7 4. Nbd2 O-O 5. c3 d6 6. e4 Nbd7 7. Qc2 e5 8.
dxe5 dxe5 9. Be2 h6 10. Bh4 Qe8 11. O-O Nh5 12. Bc4 Ndf6 13. a4 a5 14. Rfe1 Nh7
15. Nf1 Bf6 16. Ne3 c6 17. Bg3 Nxg3 18. hxg3 Qe7 19. Rab1 h5 20. Ba2 h4 21.
gxh4 Bxh4 22. Bc4 Kg7 23. Bf1 Rh8 24. Nc4 Bf6 25. Nb6 Rb8 26. Nxc8 Rbxc8 27. g3
Ng5 28. Nxg5 Bxg5 29. Rbd1 Rcd8 30. Qe2 Qe6 31. Rxd8 Rxd8 32. Rd1 1/2-1/2

[Event "7. Torneo de Promoción de Almansa 2012"]
[Site "Almansa ESP"]
[Date "2012.08.09"]
[Round "4.7"]
[White "Mingarro Carceller, Sergi"]
[Black "Serna Lara, Sergio"]
[Result "1-0"]
[WhiteElo "2158"]
[BlackElo "2234"]
[PlyCount "69"]
[EventDate "2012.08.07"]
[EventType "swiss"]
[EventRounds "9"]
[EventCountry "ESP"]
[Source "lmi"]
[SourceDate "2012.08.07"]

1. d4 d5 2. c4 c6 3. Nf3 Nf6 4. e3 g6 5. Nc3 Bg7 6. Be2 O-O 7. O-O a6 8. a4 a5
9. Qb3 e6 10. Rd1 Na6 11. Bd2 Re8 12. Be1 Nb4 13. Ne5 Bf8 14. f3 b6 15. Bh4 Be7
16. Na2 Nd7 17. Bxe7 Qxe7 18. f4 Nxe5 19. fxe5 Ba6 20. Nc3 f6 21. e4 fxe5 22.
cxd5 exd4 23. Bxa6 Rxa6 24. Rxd4 exd5 25. Kh1 Kh8 26. h3 c5 27. Nxd5 Qe5 28.
Rd2 Raa8 29. Nxb6 Rad8 30. Nc4 Qxe4 31. Nd6 Rxd6 32. Rxd6 c4 33. Qc3+ Qe5 34.
Rd8 Kg8 35. Qxe5 1-0

[Event "7. Torneo de Promoción de Almansa 2012"]
[Site "Almansa ESP"]
[Date "2012.08.09"]
[Round "4.8"]
[White "Sanchez Jerez, Emilio Miguel"]
[Black "Varga, Mariano"]
[Result "0-1"]
[WhiteElo "2226"]
[BlackElo "2103"]
[PlyCount "64"]
[EventDate "2012.08.07"]
[EventType "swiss"]
[EventRounds "9"]
[EventCountry "ESP"]
[Source "lmi"]
[SourceDate "2012.08.07"]

1. d4 Nf6 2. Nc3 d5 3. Bf4 e6 4. e3 c5 5. Nf3 Be7 6. Nb5 Na6 7. c3 O-O 8. Ne5
Ne4 9. Bd3 f6 10. Nf3 Bd7 11. a4 g5 12. Bg3 Nxg3 13. hxg3 f5 14. Ne5 Be8 15. g4
Bf6 16. gxf5 Bxe5 17. fxe6 Qb6 18. Qc2 cxd4 19. f4 Bxf4 20. Bxh7+ Kg7 21. exf4
Qxe6+ 22. Kd1 Qg4+ 23. Kc1 Qxf4+ 24. Kb1 dxc3 25. Qxc3+ Qf6 26. Nd4 Bd7 27. Bc2
Rh8 28. Re1 Rac8 29. Qd2 Rc4 30. Rd1 Nb4 31. b3 Nxc2 32. Nxc2 Rxc2 0-1

[Event "7. Torneo de Promoción de Almansa 2012"]
[Site "Almansa ESP"]
[Date "2012.08.09"]
[Round "4.9"]
[White "Vega Gomez, Francisco B"]
[Black "Piriz Fernandez, Daniel"]
[Result "1-0"]
[WhiteElo "2225"]
[BlackElo "1971"]
[PlyCount "111"]
[EventDate "2012.08.07"]
[EventType "swiss"]
[EventRounds "9"]
[EventCountry "ESP"]
[Source "lmi"]
[SourceDate "2012.08.07"]

1. Nf3 c5 2. g3 Nc6 3. Bg2 g6 4. O-O Bg7 5. c4 e5 6. Nc3 Nge7 7. Ne1 O-O 8. a3
d6 9. Nc2 Be6 10. Ne3 Qd7 11. Re1 Rab8 12. Rb1 f5 13. b4 b6 14. Ned5 Kh8 15. d3
h6 16. b5 Nd8 17. Nxe7 Qxe7 18. Nd5 Qd7 19. f4 Bxd5 20. Bxd5 exf4 21. gxf4 Ne6
22. e3 Nc7 23. Kh1 Nxd5 24. cxd5 Rbe8 25. Qc2 Rf7 26. Rg1 Rf6 27. Rg3 g5 28.
fxg5 hxg5 29. Rxg5 Bh6 30. Rg3 f4 31. Bb2 fxg3 32. Bxf6+ Bg7 33. Bxg7+ Qxg7 34.
e4 Qh6 35. Qb2+ Kh7 36. Qg2 gxh2 37. Rf1 Re5 38. Rf7+ Kh8 39. Rf5 Rxf5 40. exf5
Kh7 41. Qe4 Qc1+ 42. Kxh2 Qd2+ 43. Kg3 Qg5+ 44. Kf3 Qh5+ 45. Ke3 Qg5+ 46. Ke2
Kg7 47. Kf3 Qd2 48. Qe7+ Kh8 49. Qd8+ Kg7 50. Qc7+ Kh8 51. Qd8+ Kg7 52. Qe7+
Kh8 53. Kg4 Qxd3 54. Kg5 Qxd5 55. Kg6 Qg8+ 56. Kh6 1-0

[Event "7. Torneo de Promoción de Almansa 2012"]
[Site "Almansa ESP"]
[Date "2012.08.09"]
[Round "4.10"]
[White "Nieves Cabanes, Javier"]
[Black "Gil Quilez, David"]
[Result "0-1"]
[WhiteElo "2016"]
[BlackElo "2179"]
[PlyCount "64"]
[EventDate "2012.08.07"]
[EventType "swiss"]
[EventRounds "9"]
[EventCountry "ESP"]
[Source "lmi"]
[SourceDate "2012.08.07"]

1. d4 f5 2. Nc3 d5 3. e4 dxe4 4. Bf4 Nf6 5. Bc4 e6 6. f3 Nd5 7. Be5 Nxc3 8.
bxc3 Bd6 9. Qe2 Bxe5 10. dxe5 c6 11. f4 Qa5 12. Qe3 Na6 13. Nh3 Nc7 14. O-O Nd5
15. Bxd5 cxd5 16. Nf2 Bd7 17. Qd4 Rc8 18. Nd1 Rc4 19. Qd2 Ra4 20. Ne3 O-O 21.
Rfb1 b6 22. Rb4 Rxa2 23. Rxa2 Qxa2 24. Rd4 b5 25. h3 Rc8 26. g4 fxg4 27. c4
bxc4 28. Rxd5 c3 29. Qd4 exd5 30. Nxd5 Qa3 31. Nf6+ gxf6 32. Qxd7 Qc1+ 0-1

[Event "7. Torneo de Promoción de Almansa 2012"]
[Site "Almansa ESP"]
[Date "2012.08.09"]
[Round "4.11"]
[White "Lopez Mulet, Inigo"]
[Black "Villasenor Rubio, Emilio Jose"]
[Result "0-1"]
[WhiteElo "1960"]
[BlackElo "2176"]
[PlyCount "56"]
[EventDate "2012.08.07"]
[EventType "swiss"]
[EventRounds "9"]
[EventCountry "ESP"]
[Source "lmi"]
[SourceDate "2012.08.07"]

1. d4 Nf6 2. c4 g6 3. f3 Bg7 4. e4 d6 5. Nc3 O-O 6. Nge2 c6 7. Be3 a6 8. Qd2 b5
9. Ng3 Nbd7 10. Bh6 e5 11. d5 Bxh6 12. Qxh6 cxd5 13. cxd5 b4 14. Na4 Nb6 15.
Nxb6 Qxb6 16. Rc1 Bd7 17. Bc4 Rfc8 18. Qd2 Rc7 19. Ke2 Rac8 20. Bd3 Ng4 21.
Rxc7 Qf2+ 22. Kd1 Ne3+ 23. Qxe3 Qxe3 24. Rxc8+ Bxc8 25. Kc2 Qf2+ 26. Kb3 a5 27.
Rc1 Bd7 28. Rc7 a4+ 0-1

[Event "7. Torneo de Promoción de Almansa 2012"]
[Site "Almansa ESP"]
[Date "2012.08.09"]
[Round "4.12"]
[White "Leon Acosta, Miguel"]
[Black "Sos Andreu, Eric"]
[Result "1-0"]
[WhiteElo "1985"]
[BlackElo "2165"]
[PlyCount "55"]
[EventDate "2012.08.07"]
[EventType "swiss"]
[EventRounds "9"]
[EventCountry "ESP"]
[Source "lmi"]
[SourceDate "2012.08.07"]

1. b3 e5 2. Bb2 Nc6 3. c4 g6 4. Nf3 Bg7 5. e3 Nge7 6. d4 exd4 7. Nxd4 O-O 8.
Nxc6 bxc6 9. Bxg7 Kxg7 10. Qd4+ Kg8 11. Nd2 d5 12. O-O-O Be6 13. Qc3 Qd6 14. c5
Qd8 15. Ne4 f5 16. Nf6+ Rxf6 17. Qxf6 Bd7 18. h4 Qf8 19. Qxf8+ Rxf8 20. Rd4 Kf7
21. Ra4 Ra8 22. Ba6 Rb8 23. Rd1 Bc8 24. Bxc8 Nxc8 25. Ra6 Ne7 26. Rxa7 Rb4 27.
Rd4 Rb5 28. b4 1-0

[Event "7. Torneo de Promoción de Almansa 2012"]
[Site "Almansa ESP"]
[Date "2012.08.09"]
[Round "4.13"]
[White "Navarrete Espi, Samuel"]
[Black "Lara Granero, Bio"]
[Result "1/2-1/2"]
[WhiteElo "2176"]
[BlackElo "2045"]
[PlyCount "131"]
[EventDate "2012.08.07"]
[EventType "swiss"]
[EventRounds "9"]
[EventCountry "ESP"]
[Source "lmi"]
[SourceDate "2012.08.07"]

1. e4 c5 2. Nf3 Nc6 3. d4 cxd4 4. Nxd4 e5 5. Nb5 d6 6. N1c3 a6 7. Na3 b5 8. Nd5
Nf6 9. Bg5 Be7 10. Bxf6 Bxf6 11. c4 b4 12. Nc2 Rb8 13. g3 Be6 14. Bg2 Bg5 15.
O-O O-O 16. f4 Bh6 17. Nce3 Bxd5 18. cxd5 Qb6 19. Qd3 exf4 20. gxf4 Ne5 21. Qe2
Ng4 22. Qxg4 Qxe3+ 23. Kh1 Rbc8 24. Rae1 Qd4 25. Re2 Rc7 26. Qf3 Qc4 27. b3 Qd4
28. e5 Rc3 29. Qe4 dxe5 30. fxe5 Qxe4 31. Rxe4 a5 32. e6 fxe6 33. dxe6 Rxf1+
34. Bxf1 Re3 35. Rd4 Kf8 36. Bc4 Ke7 37. Rd7+ Kf6 38. Rf7+ Kg6 39. Rd7 Bg5 40.
Rd5 Be7 41. Rxa5 Kf6 42. Kg2 g6 43. Ra7 h6 44. Rd7 Rc3 45. Rd2 h5 46. Rf2+ Ke5
47. Re2+ Kf6 48. Kf2 Kf5 49. Ke1 g5 50. Kd2 g4 51. a4 Bg5+ 52. Ke1 Rc1+ 53. Kf2
Be7 54. Ke3 h4 55. Kd4 g3 56. hxg3 hxg3 57. a5 Kf4 58. a6 Rd1+ 59. Bd3 Ra1 60.
Kd5 Rd1 61. Kc4 Ra1 62. Kd5 Rd1 63. Kd4 Ra1 64. Bc4 Bf6+ 65. Kd3 Kf3 66. a7
1/2-1/2

[Event "7. Torneo de Promoción de Almansa 2012"]
[Site "Almansa ESP"]
[Date "2012.08.09"]
[Round "4.14"]
[White "Vazquez Torres, Adrian"]
[Black "Buendia Pinar, Alvaro"]
[Result "1/2-1/2"]
[WhiteElo "2170"]
[BlackElo "2032"]
[PlyCount "75"]
[EventDate "2012.08.07"]
[EventType "swiss"]
[EventRounds "9"]
[EventCountry "ESP"]
[Source "lmi"]
[SourceDate "2012.08.07"]

1. b3 d5 2. Bb2 c6 3. f4 Nf6 4. Nf3 Bf5 5. e3 e6 6. Be2 Bd6 7. O-O Nbd7 8. c4
O-O 9. Ne5 h6 10. d4 Ne4 11. Nd2 Nxd2 12. Qxd2 Nf6 13. Rac1 Ne4 14. Qe1 Qd7 15.
c5 Bc7 16. b4 a6 17. a4 f6 18. Nd3 g5 19. Kh1 Kg7 20. g3 Kh8 21. Rd1 Rg8 22.
Bf3 h5 23. Bc1 g4 24. Bxe4 Bxe4+ 25. Kg1 Qh7 26. Nf2 Bf3 27. Rd2 Kg7 28. Nd1
Kf7 29. h4 Rge8 30. Bb2 Re7 31. Nc3 e5 32. Qb1 Qxb1 33. Rxb1 exf4 34. exf4 Rae8
35. Kf2 Kg6 36. Ba1 Kf5 37. Rg1 Re6 38. Bb2 1/2-1/2

[Event "7. Torneo de Promoción de Almansa 2012"]
[Site "Almansa ESP"]
[Date "2012.08.09"]
[Round "4.15"]
[White "Grigoriev, Ivan"]
[Black "Sabater Sanchez, Asensio"]
[Result "0-1"]
[WhiteElo "2129"]
[BlackElo "2170"]
[PlyCount "120"]
[EventDate "2012.08.07"]
[EventType "swiss"]
[EventRounds "9"]
[EventCountry "ESP"]
[Source "lmi"]
[SourceDate "2012.08.07"]

1. g3 Nf6 2. Bg2 e6 3. c4 d5 4. Nf3 Be7 5. O-O O-O 6. d3 c5 7. Nbd2 Nc6 8. e4
dxe4 9. Nxe4 Nxe4 10. dxe4 e5 11. Be3 Be6 12. Qc2 Qc7 13. b3 Nd4 14. Qb2 f6 15.
Ne1 Rfd8 16. Bxd4 Rxd4 17. Nf3 Rd6 18. Rfd1 Rad8 19. Qc2 Qd7 20. Rxd6 Qxd6 21.
Kf1 a6 22. Ke1 b5 23. Bf1 Qc6 24. Rd1 Kf7 25. Rxd8 Bxd8 26. Nd2 Ba5 27. f3 Ke7
28. Kd1 Bxd2 29. Kxd2 b4 30. Ke3 Qd6 31. Qd2 Qd4+ 32. Qxd4 cxd4+ 33. Kf2 a5 34.
Bd3 Kd6 35. f4 Kc5 36. Kf3 a4 37. g4 exf4 38. Kxf4 g5+ 39. Kf3 h6 40. h3 a3 41.
Kf2 Kd6 42. Kf3 Ke5 43. Bb1 Bd7 44. Bd3 Bc6 45. c5 Be8 46. Bc4 Bc6 47. Bd3 Bb7
48. Kg3 Bc8 49. Kf3 Be6 50. Bb1 Bf7 51. Ke2 Be8 52. Bc2 h5 53. gxh5 Bxh5+ 54.
Kd3 Bf7 55. Bd1 Be6 56. c6 Kd6 57. Kxd4 Kxc6 58. e5 fxe5+ 59. Kxe5 Bxh3 60. Ke4
g4 0-1

[Event "7. Torneo de Promoción de Almansa 2012"]
[Site "Almansa ESP"]
[Date "2012.08.09"]
[Round "5.1"]
[White "Jimenez Martinez, Jose Vicente"]
[Black "Martin Duque, Jesus"]
[Result "1/2-1/2"]
[WhiteElo "2285"]
[BlackElo "2245"]
[PlyCount "110"]
[EventDate "2012.08.07"]
[EventType "swiss"]
[EventRounds "9"]
[EventCountry "ESP"]
[Source "lmi"]
[SourceDate "2012.08.07"]

1. d4 Nf6 2. c4 e6 3. Nf3 d5 4. Nc3 c6 5. Bg5 Nbd7 6. e3 Qa5 7. Nd2 Bb4 8. Qc2
O-O 9. Be2 dxc4 10. Bxf6 Nxf6 11. Nxc4 Qd8 12. O-O b5 13. Ne5 Bb7 14. Bf3 Qc8
15. Rac1 Nd7 16. Nxd7 Qxd7 17. Ne4 Rac8 18. Nc5 Qe7 19. Nxb7 Qxb7 20. Bxc6 Qb6
21. Qe4 Rc7 22. Rc2 Rfc8 23. Rfc1 Qa5 24. a3 Bf8 25. Qd3 Qb6 26. Be4 g6 27. g3
Rxc2 28. Rxc2 Rxc2 29. Qxc2 b4 30. a4 Bd6 31. b3 Qc7 32. Bc6 e5 33. dxe5 Bxe5
34. Kg2 Kg7 35. f4 Bc3 36. Qe4 Qd6 37. Bd5 Qc5 38. Kf3 Bf6 39. Qc4 Qxc4 40.
Bxc4 Kf8 41. Ke4 Ke7 42. a5 Bc3 43. g4 Bd2 44. g5 Bc3 45. f5 Bd2 46. a6 gxf5+
47. Kf4 f6 48. h4 Be1 49. h5 Bd2 50. Kxf5 fxg5 51. e4 h6 52. Be2 g4 53. Bxg4
Bg5 54. Ke5 Be3 55. Kd5 Bd2 1/2-1/2

[Event "7. Torneo de Promoción de Almansa 2012"]
[Site "Almansa ESP"]
[Date "2012.08.09"]
[Round "5.2"]
[White "Montalban Galvez, Antoni"]
[Black "Diaz Velandia, Jose Manuel"]
[Result "1/2-1/2"]
[WhiteElo "2204"]
[BlackElo "2251"]
[PlyCount "72"]
[EventDate "2012.08.07"]
[EventType "swiss"]
[EventRounds "9"]
[EventCountry "ESP"]
[Source "lmi"]
[SourceDate "2012.08.07"]

1. Nf3 d5 2. d4 c6 3. c4 e6 4. Nc3 Nf6 5. e3 Bd6 6. Qc2 Nbd7 7. Bd3 O-O 8. O-O
dxc4 9. Bxc4 e5 10. Rd1 Qe7 11. Ng5 exd4 12. exd4 Nb6 13. Bd3 h6 14. Nf3 Nbd5
15. a3 Re8 16. Bd2 Qc7 17. h3 Bd7 18. Na4 Nh5 19. Nc5 Nhf4 20. Bxf4 Nxf4 21.
Bc4 Re7 22. Nxd7 Qxd7 23. Ne5 Bxe5 24. dxe5 Qc7 25. g3 Nxh3+ 26. Kg2 Ng5 27. f4
Ne6 28. Rd6 Nf8 29. Rad1 Rae8 30. Qf5 Qb6 31. R1d2 Qc5 32. Ba2 Qe3 33. R6d3 Qe1
34. Rd6 Qe3 35. R6d3 Qe1 36. Rd6 Qe3 1/2-1/2

[Event "7. Torneo de Promoción de Almansa 2012"]
[Site "Almansa ESP"]
[Date "2012.08.09"]
[Round "5.3"]
[White "Fernandez Barrera, Victor"]
[Black "Leon Acosta, Miguel"]
[Result "1/2-1/2"]
[WhiteElo "2316"]
[BlackElo "1985"]
[PlyCount "81"]
[EventDate "2012.08.07"]
[EventType "swiss"]
[EventRounds "9"]
[EventCountry "ESP"]
[Source "lmi"]
[SourceDate "2012.08.07"]

1. e4 Nc6 2. Nf3 d6 3. d4 Nf6 4. Nc3 Bg4 5. Be3 e6 6. h3 Bh5 7. d5 exd5 8. exd5
Bxf3 9. Qxf3 Ne5 10. Qe2 Be7 11. O-O-O O-O 12. g4 c5 13. f4 Ned7 14. g5 Ne8 15.
h4 f5 16. h5 Nc7 17. Bh3 b5 18. Rhe1 b4 19. Nb1 Qc8 20. Bf2 Bd8 21. Nd2 Nb6 22.
h6 g6 23. Bg2 Nd7 24. Kb1 a5 25. Qd3 Qa6 26. Qxa6 Rxa6 27. Nc4 Re8 28. Bf1 Rxe1
29. Rxe1 Kf8 30. Ne5 dxe5 31. Bxa6 Nxa6 32. fxe5 Bxg5 33. d6 Ke8 34. c3 bxc3
35. bxc3 Nb6 36. Kc2 Nc4 37. Kd3 Nb2+ 38. Ke2 Na4 39. Kd3 Nb2+ 40. Ke2 Na4 41.
Kd3 1/2-1/2

[Event "7. Torneo de Promoción de Almansa 2012"]
[Site "Almansa ESP"]
[Date "2012.08.09"]
[Round "5.4"]
[White "Villasenor Rubio, Emilio Jose"]
[Black "Montoliu Cervero, Francisco"]
[Result "1/2-1/2"]
[WhiteElo "2176"]
[BlackElo "2270"]
[PlyCount "98"]
[EventDate "2012.08.07"]
[EventType "swiss"]
[EventRounds "9"]
[EventCountry "ESP"]
[Source "lmi"]
[SourceDate "2012.08.07"]

1. e4 c5 2. Nf3 d6 3. d4 cxd4 4. Nxd4 Nf6 5. Nc3 a6 6. Be3 e6 7. f3 b5 8. Qd2
b4 9. Nce2 a5 10. O-O-O Nbd7 11. g4 Ne5 12. Ng3 Bb7 13. Bb5+ Nfd7 14. Qe2 Qc8
15. f4 Nc6 16. Rhe1 Nxd4 17. Bxd4 Ba6 18. Nf5 Rg8 19. e5 Bxb5 20. Qxb5 Qa6 21.
Qxa6 Rxa6 22. exd6 g6 23. Ne7 Bxe7 24. dxe7 Kxe7 25. Re2 f6 26. h4 h6 27. Red2
Rc8 28. c3 Rac6 29. Kb1 R8c7 30. Rh1 e5 31. fxe5 fxe5 32. Re1 Re6 33. Rde2 Kd6
34. cxb4 axb4 35. Be3 Rc4 36. Bxh6 Rxg4 37. Rd2+ Rd4 38. Rxd4+ exd4 39. Rxe6+
Kxe6 40. Kc2 Ne5 41. Bf8 Nf3 42. Bxb4 Nxh4 43. a4 Kd5 44. a5 Kc6 45. Kd3 Nf5
46. Ke4 Kb7 47. Bc5 Ka6 48. b4 Ne3 49. Kxd4 Nc2+ 1/2-1/2

[Event "7. Torneo de Promoción de Almansa 2012"]
[Site "Almansa ESP"]
[Date "2012.08.09"]
[Round "5.5"]
[White "Varga, Mariano"]
[Black "Vega Gomez, Francisco B"]
[Result "0-1"]
[WhiteElo "2103"]
[BlackElo "2225"]
[PlyCount "110"]
[EventDate "2012.08.07"]
[EventType "swiss"]
[EventRounds "9"]
[EventCountry "ESP"]
[Source "lmi"]
[SourceDate "2012.08.07"]

1. d4 d6 2. c4 e5 3. dxe5 dxe5 4. Qxd8+ Kxd8 5. Nf3 f6 6. g3 Bd6 7. Nfd2 a5 8.
Bg2 c6 9. b3 a4 10. Bb2 axb3 11. axb3 Rxa1 12. Bxa1 Na6 13. O-O Kc7 14. Rd1 Nh6
15. Nf1 Bd7 16. Bb2 Ra8 17. Ne3 Nf5 18. Nxf5 Bxf5 19. e4 Bg4 20. f3 Bc5+ 21.
Kf1 Be6 22. Ke2 Nb4 23. Rd2 Bg1 24. h4 Bc5 25. Nc3 Bd4 26. Na4 Bxb2 27. Rxb2
Bxc4+ 28. bxc4 Rxa4 29. Bh3 Na6 30. Be6 Nc5 31. Bg8 h6 32. Kf1 Kd6 33. Kg2 Ra3
34. Rd2+ Kc7 35. Rb2 Nd3 36. Rd2 Nc1 37. Rc2 Ra2 38. Rxa2 Nxa2 39. Kh3 Kd7 40.
Kg4 Ke7 41. Kf5 Nb4 42. f4 Nd3 43. h5 b6 44. Bh7 b5 45. cxb5 cxb5 46. Bg8 b4
47. Bd5 exf4 48. gxf4 Nc1 49. Kg6 Kf8 50. e5 fxe5 51. fxe5 b3 52. Bxb3 Nxb3 53.
e6 Nd4 54. e7+ Kxe7 55. Kxg7 Nf5+ 0-1

[Event "7. Torneo de Promoción de Almansa 2012"]
[Site "Almansa ESP"]
[Date "2012.08.09"]
[Round "5.6"]
[White "Gil Quilez, David"]
[Black "Mingarro Carceller, Sergi"]
[Result "1-0"]
[WhiteElo "2179"]
[BlackElo "2158"]
[PlyCount "83"]
[EventDate "2012.08.07"]
[EventType "swiss"]
[EventRounds "9"]
[EventCountry "ESP"]
[Source "lmi"]
[SourceDate "2012.08.07"]

1. e4 e6 2. d4 d5 3. Nc3 Nf6 4. e5 Nfd7 5. f4 c5 6. Nf3 Nc6 7. Be3 Be7 8. Qd2
O-O 9. O-O-O c4 10. f5 b5 11. f6 gxf6 12. exf6 Nxf6 13. Bh6 Ng4 14. Ne2 b4 15.
h3 Nxh6 16. Qxh6 Bf6 17. g4 Bg7 18. Qe3 b3 19. cxb3 Ba6 20. Nc3 Qa5 21. h4 Rac8
22. h5 Nb4 23. h6 Nxa2+ 24. Kd2 Nxc3 25. Qxc3 Qxc3+ 26. bxc3 Bf6 27. b4 Bb5 28.
Ra1 a6 29. Be2 Be7 30. Kc2 f6 31. Rag1 Kf7 32. g5 Rg8 33. gxf6 Bxf6 34. Ne5+
Ke7 35. Bh5 Rcf8 36. Kb1 Bg5 37. Rf1 Bxh6 38. Bf7 Bg7 39. Bxg8 Rxg8 40. Rxh7
Be8 41. Kb2 Kd6 42. Rg1 1-0

[Event "7. Torneo de Promoción de Almansa 2012"]
[Site "Almansa ESP"]
[Date "2012.08.09"]
[Round "5.7"]
[White "Lara Granero, Bio"]
[Black "Kovacevic, Slobodan"]
[Result "1-0"]
[WhiteElo "2045"]
[BlackElo "2300"]
[PlyCount "129"]
[EventDate "2012.08.07"]
[EventType "swiss"]
[EventRounds "9"]
[EventCountry "ESP"]
[Source "lmi"]
[SourceDate "2012.08.07"]

1. Nf3 c5 2. g3 b6 3. Bg2 Bb7 4. d3 Nf6 5. e4 e6 6. O-O Nc6 7. Nbd2 Be7 8. Re1
d5 9. exd5 Nxd5 10. Nc4 Qc7 11. c3 Rd8 12. Qe2 O-O 13. h4 Rfe8 14. Ng5 Bf8 15.
Be4 Nf6 16. Bf4 Qd7 17. Rad1 e5 18. Bc1 h6 19. Nf3 Nxe4 20. dxe4 Qe6 21. b3 Ba6
22. Nfd2 Na5 23. Nf1 Nxc4 24. bxc4 Bxc4 25. Qf3 Bxa2 26. Bb2 Bb3 27. Ra1 a5 28.
Ne3 Rd2 29. Bc1 Rd7 30. Nf5 Kh7 31. g4 g6 32. Ng3 Red8 33. Be3 Rd3 34. Kg2 Rxc3
35. g5 Kg8 36. gxh6 Bxh6 37. Ne2 Rcd3 38. Nc1 Rc3 39. Ne2 Rxe3 40. fxe3 Rd2 41.
Kg3 Rc2 42. Rad1 Bc4 43. Rd8+ Kh7 44. Ng1 Qe7 45. Red1 Be6 46. Rb8 Rb2 47. Rdd8
Bg7 48. Re8 Qc7 49. h5 Rb1 50. h6 f5 51. hxg7 Kxg7 52. Qh1 Bf7 53. Red8 f4+ 54.
Kf3 Kf6 55. Qh7 Kg5 56. Rh8 Kf6 57. Qh4+ Ke6 58. Rbe8+ Bxe8 59. Rxe8+ Kd7 60.
Re7+ Kc8 61. Rxc7+ Kxc7 62. exf4 exf4 63. Qxf4+ Kc6 64. Qf6+ Kb5 65. e5 1-0